[Event "Landesliga Nord 0607"]
[Site "Bayern"]
[Date "2006.11.19"]
[Round "3.7"]
[White "Wiemer, Peter"]
[Black "Reiser, Wolfgang"]
[Result "0-1"]
[WhiteElo "2131"]
[BlackElo "2098"]
[PlyCount "50"]
[EventDate "2006.10.15"]
[EventType "team"]
[EventRounds "9"]
[EventCountry "GER"]
[SourceTitle "EXT 2008"]
[Source "ChessBase"]
[SourceDate "2007.11.25"]
[SourceVersion "1"]
[SourceVersionDate "2007.11.25"]
[SourceQuality "1"]
[WhiteTeam "Zirndorf"]
[BlackTeam "Nuernberg NT II"]
[WhiteTeamCountry "GER"]
[BlackTeamCountry "GER"]

1. e4 e5 2. f4 Qh4+ 3. g3 Qe7 4. fxe5 d6 5. Nc3 dxe5 6. Nd5 Qd6 7. Qf3 Be6 8. Ne3 Nf6 9. Nh3 h6 10. Nc4 Qd4 11. c3 Qxe4+ 12. Qxe4 Nxe4 13. Nxe5 Nd7 14. Nxd7 Bxd7 15. Bg2 0-0-0 16. 0-0 Nf6 17. d4 Bb5 18. Rd1 Bc6 19. c4 Bxg2 20. Kxg2 Bd6 21. Be3 Rhe8 22. Kf3 Rd7 23. a3 g5 24. Nf2 Rde7 25. Re1 g4+ 0-1